LEADER 00987nam a2200241 i 4500 001 000000070409 003 CaOOAMICUS 005 20080819000000.0 008 080819s1967 it u000 u ita u 013 $a41581 040 $aSeMil$bita 100 1 $aTogliatti, Palmiro,$d<1893-1964>.$0(OLS)http://semarc/name/1236 245 10$aGramsci /$cPalmiro Togliatti ; a cura di Ernesto Ragionieri. 260 $aRoma :$bEditori Riuniti,$c1967. 300 $aXVI, 222 p. ;$c22 cm. 490 0 $aNuova biblioteca di cultura ;$v71 600 14$aGramsci, Antonio <1891-1937>.$0(OLS)http://semarc/subject/9163 700 1 $aRagionieri, Ernesto.$0(OLS)http://semarc/name/1237 830 0$aNuova biblioteca di cultura ;$v71.$0(OLS)http://semarc/title/7069 850 $aSeMil 852 $aSeMil$W1$xVenegono$y1$m2P II 322$j36562$B36562$CSeMilBibl$Z2$F36565 $81 996 $6245$aGramsci$9(OLS)http://semarc/title/113033 996 $6260$aRoma :$bEditori Riuniti$9(OLS)http://semarc/publisher/30240 LEADER 00996nam a2200253 i 4500 001 000000075766 003 CaOOAMICUS 005 20070912000000.0 008 070912s1915 it u000 u ita u 013 $a46938 040 $aSeMil$bita 100 1 $aGaliani, Ferdinando,$d<1728-1787>.$0(OLS)http://semarc/name/18079 245 10$aDella moneta /$cFerdinando Galiani ; A cura di Fausto Nicolini. 260 $aBari :$bLaterza & Figli,$c1915. 300 $a383 p. ;$c22 cm. 490 0 $aScrittori d'Italia 500 $aContiene : Appendice. 650 4$aDenaro - Storia.$0(OLS)http://semarc/subject/10946 700 1 $aNicolini, Fausto,$d<1879-1965>.$0(OLS)http://semarc/name/95 830 0$aScrittori d'Italia.$0(OLS)http://semarc/title/138 850 $aSeMil 852 $aSeMil$W1$xVenegono$y1$m1E II 123$j41918$B41918$CSeMilBibl$Z2$F41922 $81 996 $6245$aDella moneta$9(OLS)http://semarc/title/122851 996 $6260$aBari :$bLaterza & Figli$9(OLS)http://semarc/publisher/29663